<?xml version="1.0" encoding="UTF-8"?>
<collection xmlns="http://www.loc.gov/MARC21/slim">
 <record>
  <leader>01163am  a2000265a 44500</leader>
  <controlfield tag="001">1/52331</controlfield>
  <controlfield tag="008"> 880808m19641966mau      b    001 0 eng </controlfield>
  <datafield tag="010" ind1=" " ind2=" ">
   <subfield code="a">64-21409</subfield>
  </datafield>
  <datafield tag="035" ind1=" " ind2=" ">
   <subfield code="a">64-21409</subfield>
  </datafield>
  <datafield tag="040" ind1=" " ind2=" ">
   <subfield code="a">DLC</subfield>
   <subfield code="c">YWM</subfield>
   <subfield code="d">YWM</subfield>
   <subfield code="d">m.c</subfield>
  </datafield>
  <datafield tag="040" ind1=" " ind2=" ">
   <subfield code="a">GR-PeUP</subfield>
  </datafield>
  <datafield tag="082" ind1=" " ind2=" ">
   <subfield code="2">320.532094 GRI</subfield>
  </datafield>
  <datafield tag="100" ind1="1" ind2=" ">
   <subfield code="a">Griffith, William E.</subfield>
  </datafield>
  <datafield tag="245" ind1=" " ind2=" ">
   <subfield code="a">Communism in Europe :</subfield>
   <subfield code="b">continuity, change, and the Sino-Soviet Dispute /</subfield>
   <subfield code="c">William E. Griffith.</subfield>
  </datafield>
  <datafield tag="260" ind1=" " ind2=" ">
   <subfield code="a">Cambridge, Mass :</subfield>
   <subfield code="b">MIT Press,</subfield>
   <subfield code="c">1964-66.</subfield>
  </datafield>
  <datafield tag="300" ind1=" " ind2=" ">
   <subfield code="a">2 v. ;</subfield>
   <subfield code="c">20 cm.</subfield>
  </datafield>
  <datafield tag="504" ind1=" " ind2=" ">
   <subfield code="a">Includes bibliographical footnotes and indexes.</subfield>
  </datafield>
  <datafield tag="505" ind1=" " ind2=" ">
   <subfield code="a">v.1. European communism and the Sino-Soviet rift / W. E. Griffith -- Yugoslav communism / V. Meier -- Polish communism / H. Stehle -- Hungarian communism / F. Fejt©œ -- Italian communism / G. Galli -- v.2. European communism, 1965 / W.E. Griffith. East Germany / Carola Stern</subfield>
  </datafield>
  <datafield tag="650" ind1=" " ind2="0">
   <subfield code="a">Communism</subfield>
   <subfield code="z">Europe.</subfield>
  </datafield>
  <datafield tag="650" ind1=" " ind2="4">
   <subfield code="a">Κομμουνισμός</subfield>
   <subfield code="z">Ευρώπη.</subfield>
  </datafield>
  <datafield tag="650" ind1=" " ind2="4">
   <subfield code="a">Communist parties</subfield>
   <subfield code="z">Europe.</subfield>
  </datafield>
  <datafield tag="650" ind1=" " ind2="4">
   <subfield code="a">Communist parties.</subfield>
  </datafield>
  <datafield tag="852" ind1=" " ind2=" ">
   <subfield code="a">INST</subfield>
   <subfield code="b">UNIPILB</subfield>
   <subfield code="c">MAIN</subfield>
   <subfield code="e">20210913</subfield>
   <subfield code="h">320.532094 GRI</subfield>
   <subfield code="p">00182975</subfield>
   <subfield code="q">00182975</subfield>
   <subfield code="t">LOAN</subfield>
   <subfield code="v">τομ.1:</subfield>
   <subfield code="y">0</subfield>
   <subfield code="4">1</subfield>
  </datafield>
  <datafield tag="960" ind1=" " ind2=" ">
   <subfield code="a">GEORGE</subfield>
  </datafield>
  <datafield tag="960" ind1=" " ind2=" ">
   <subfield code="a">ΜΑΡΙΑ ΒΕΛ</subfield>
  </datafield>
 </record>
</collection>
